Memoria que presenta la Escuela de Bibliotecarias de la Diputación Provincial de Barcelona para acompañar la solicitud de reconocimiento como Escuela Universitaria de Bibliología adscrita a la Universidad de Barcelona
Descripción Física:
192 f. ; 27 cm
Materias:
Escola de Bibliotecàries -- Memòries
MARC
| LEADER | 00000nam a2200000Ia 4500 | ||
|---|---|---|---|
| 001 | 1591 | ||
| 003 | BGR | ||
| 005 | 20260324175648.0 | ||
| 008 | 160829s1974 xx 000 0 cat d | ||
| 080 | |a A-1-66 | ||
| 110 | 2 | |a Escola de Bibliologia |9 70781 | |
| 245 | |a Memoria que presenta la Escuela de Bibliotecarias de la Diputación Provincial de Barcelona para acompañar la solicitud de reconocimiento como Escuela Universitaria de Bibliología adscrita a la Universidad de Barcelona | ||
| 260 | |a Barcelona : |b [s.n.], |c 1974 | ||
| 300 | |a 192 f. ; |c 27 cm | ||
| 650 | |a Escola de Bibliotecàries |x Memòries |9 37106 | ||
| 901 | |a Arxiu | ||
| 942 | |n 1 |2 udc |c MON | ||
| 952 | |0 0 |1 0 |4 0 |6 A166 |7 1 |9 47658 |a Arxiu |b Arxiu |d 2016-12-01 |l 0 |o A-1-66 |p 1591 |r 2016-12-01 00:00:00 |w 2016-12-01 |y ARXIU | ||
| 999 | |c 51457 |d 51457 | ||